000 01331nam#a2200301 4500
001 113994
003 DR-UNIBE
005 20250731150421.0
008 250731s2023 xxu s 0 eng d
020 _a9781433841033 (electrónico)
040 _aBIBLIOTECA UNIBE
_cBIBLIOTECA UNIBE
_erda
041 _aeng
100 1 _aLevenson, Hanna
_eautor
_9198084
100 1 _aGay, Volney P.
_eautor
_9198079
100 1 _aBinder, Jeffrey L.
_eautor
_9198080
245 1 3 _aDeliberate practice in psychodynamic psychotherapy
260 _aWashington, DC :
_bAmerican Psychological Association,
_c2023
300 _axv, 279 páginas :
_bilustraciones
490 _aEssentials of deliberate practice series
500 _aRecurso en línea: Disponible para miembros de UNIBE a través del portal web del CRAI: https://www.unibe.edu.do/biblioteca/libros-electronicos/
505 _aPART I. OVERVIEW AND INSTRUCTIONS | PART II. DELIBERATE PRACTICE EXERCISES FOR PSYCHODYNAMIC THERAPY SKILLS | PART III. STRATEGIES FOR ENHANCING THE DELIBERATE PRACTICE EXERCISES |
650 7 _aPsicoterapia
_2lemb
650 7 _aPsicología
_2lemb
653 0 0 _aFormación de psicoterapeutas
655 _aRecurso electrónico
_942681
856 4 0 _uhttps://ebookcentral.proquest.com/lib/unibedr/detail.action?docID=29447536
942 _2ddc
_cEB
999 _c113994
_d113994